| 000 | 01285nam a22003851a 4500 | ||
|---|---|---|---|
| 003 | EG-ScBUE | ||
| 005 | 20220608133602.0 | ||
| 006 | m||||f ||z 00| 0 | ||
| 008 | 150405t2012 enka f bd 000 0 eng d | ||
| 020 | _a9781908614414 | ||
| 040 |
_aEG-ScBUE _beng _erda _cEG-ScBUE _dEG-ScBUE |
||
| 082 | 0 | 4 |
_a428.24 _bMCC _222 |
| 100 | 1 |
_937571 _aMcCormack, Joan, _eauthor. |
|
| 245 | 1 | 0 |
_aSpeaking : _bcourse book / _cJoan McCormack and Sebastian Watkins. |
| 250 | _aNew edition. | ||
| 264 | 1 |
_aReading, UK : _bGarnet Publishing Ltd, _c[2012] |
|
| 264 | 4 | _cc2012 | |
| 300 |
_a135 pages : _billustrations ; _c28 cm + _e1 CD. |
||
| 336 |
_2rdacontent _atext _btxt |
||
| 336 |
_2rdacontent _asounds _bsnd |
||
| 337 |
_2rdamedia _aunmediated _bn |
||
| 337 |
_2rdamedia _aaudio _bs |
||
| 338 |
_2rdacarrier _avolume _bnc |
||
| 338 |
_2rdacarrier _acomputer disc _bcd |
||
| 490 | 0 | _aEnglish for academic study | |
| 500 | _aIncludes glossary. | ||
| 500 | _aIncludes appendix. | ||
| 504 | _aIncludes bibliographical references. | ||
| 650 | 7 |
_910347 _aEnglish language _xSpoken English _vProblems, exercises, etc. _2BUEsh |
|
| 651 | _2BUEsh | ||
| 653 |
_cApril2015 _bHHUUEENN |
||
| 655 |
_vReading book _934232 |
||
| 700 | 1 |
_aWatkins, Sebastian, _eauthor. _937586 |
|
| 942 |
_2ddc _k428.24 MCC _cBB |
||
| 999 |
_c19161 _d19133 |
||